IMPROVING THE LONG TERM EFFECTS OF PSYCHOTHERAPY MODELS OF DURABLE OUTCOMES (Record no. 580238)

000 -LEADER
fixed length control field 00377nam a22001337a 4500
020 ## - INTERNATIONAL STANDARD BOOK NUMBER
International Standard Book Number 0-470-26854-9
082 ## - DEWEY DECIMAL CLASSIFICATION NUMBER
Classification number 616.8914 IMP'K
100 ## - MAIN ENTRY--PERSONAL NAME
Personal name KAROLY, PAUL,STEFFEN, JOHN J
9 (RLIN) 74739
245 ## - TITLE STATEMENT
Title IMPROVING THE LONG TERM EFFECTS OF PSYCHOTHERAPY MODELS OF DURABLE OUTCOMES
260 ## - PUBLICATION, DISTRIBUTION, ETC.
Place of publication, distribution, etc. NEWYORK
Name of publisher, distributor, etc. GARDNER
Date of publication, distribution, etc. 1980
300 ## - PHYSICAL DESCRIPTION
Extent 492P
650 ## - SUBJECT ADDED ENTRY--TOPICAL TERM
Topical term or geographic name entry element PSYCHOTHERAPY
9 (RLIN) 4392
942 ## - ADDED ENTRY ELEMENTS (KOHA)
Koha item type Book
Holdings
Withdrawn status Lost status Source of classification or shelving scheme Damaged status Not for loan Permanent Location Current Location Shelving location Date acquired Full call number Barcode Date last seen Price effective from Koha item type Public note
          College of Electrical & Mechanical Engineering (CEME) College of Electrical & Mechanical Engineering (CEME) General Stacks 05/10/2017 616.8914 IMP'K CEME-15427 06/28/2021 06/28/2021 Book 4.0
© 2023 Central Library, National University of Sciences and Technology. All Rights Reserved.